GIS Internet focus - part two | Internet GIS: will it revolutionise your business? | CGIMapScript - an alternative for mapping on the web? | GIS in marketing and the internet | How Mapquest.com delivered 1.6 billion maps over the web | Finding the data resources you need at the desktop: delivery of an NGDF metadata service | Directions for the geospatial web (Record no. 60121)

MARC details
000 -LEADER
fixed length control field 01290cam a2200385 4500
001 - CONTROL NUMBER
control field ABS61409
008 - FIXED-LENGTH DATA ELEMENTS--GENERAL INFORMATION
fixed length control field 000000n1999 000 0 eng u
035 ## - SYSTEM CONTROL NUMBER
System control number (Sirsi) u100491
100 ## - MAIN ENTRY--PERSONAL NAME
Personal name Lawrence, V.
245 ## - TITLE STATEMENT
Title GIS Internet focus - part two
245 ## - TITLE STATEMENT
Title Internet GIS: will it revolutionise your business?
245 ## - TITLE STATEMENT
Title CGIMapScript - an alternative for mapping on the web?
245 ## - TITLE STATEMENT
Title GIS in marketing and the internet
245 ## - TITLE STATEMENT
Title How Mapquest.com delivered 1.6 billion maps over the web
245 ## - TITLE STATEMENT
Title Finding the data resources you need at the desktop: delivery of an NGDF metadata service
245 ## - TITLE STATEMENT
Title Directions for the geospatial web
260 ## - PUBLICATION, DISTRIBUTION, ETC.
Date of publication, distribution, etc. 1999
490 ## - SERIES STATEMENT
Series statement Mapping Awareness
Volume/sequential designation 13(8) September 1999, 34-50(14)
520 ## - SUMMARY, ETC.
Summary, etc. GIS internet focus - part two, combines a series of articles which look at the technical future of the GIS industry.
590 ## - LOCAL NOTE (RLIN)
Local note ABS
650 ## - SUBJECT ADDED ENTRY--TOPICAL TERM
Topical term or geographic name entry element CGIMAPSCRIPT
650 ## - SUBJECT ADDED ENTRY--TOPICAL TERM
Topical term or geographic name entry element INTERNET
650 ## - SUBJECT ADDED ENTRY--TOPICAL TERM
Topical term or geographic name entry element GIS
650 ## - SUBJECT ADDED ENTRY--TOPICAL TERM
Topical term or geographic name entry element CACI
650 ## - SUBJECT ADDED ENTRY--TOPICAL TERM
Topical term or geographic name entry element NATIONAL GEOSPATIAL DATA FRAMEWORK
690 ## - LOCAL SUBJECT ADDED ENTRY--TOPICAL TERM (OCLC, RLIN)
Topical term or geographic name as entry element MAPPING AND MEASUREMENT
700 ## - ADDED ENTRY--PERSONAL NAME
Personal name Haskins, D.
700 ## - ADDED ENTRY--PERSONAL NAME
Personal name Rae, J.
700 ## - ADDED ENTRY--PERSONAL NAME
Personal name Beausoleil, B.
700 ## - ADDED ENTRY--PERSONAL NAME
Personal name Collins, E.
700 ## - ADDED ENTRY--PERSONAL NAME
Personal name Novak, I.
700 ## - ADDED ENTRY--PERSONAL NAME
Personal name Owen, B.
700 ## - ADDED ENTRY--PERSONAL NAME
Personal name Fletcher, S.J.
942 ## - ADDED ENTRY ELEMENTS (KOHA)
Suppress in OPAC 0
Holdings
Withdrawn status Lost status Source of classification or shelving scheme Damaged status Not for loan Home library Current library Shelving location Date acquired Total Checkouts Full call number Barcode Date last seen Copy number Price effective from Koha item type
    Dewey Decimal Classification     London London Journal article 15/10/1999   ABS61409 100491-1001 06/08/2019 1 06/08/2019 Journal article